Europäische Länder mit über 5 Millionen Einwohnern - Sudden Death - Statistiken

Allgemein
  • Dieses Quiz wurde 941 mal gespielt
  • Das Durchschnittsergebnis liegt bei 16 aus 28
Answers on the Grid
Answers color-coded by a green-red scale on the quiz's grid according to % correct below.
Albanien
Andorra
Belarus
Belgien
Bosnien und Herzegowina
Bulgarien
Dänemark
Deutschland
Estland
Färöer
Finnland
Frankreich
Georgien
Gibraltar
Griechenland
Guernsey
Irland
Island
Isle of Man
Italien
Jersey
Kasachstan
Kosovo
Kroatien
Lettland
Liechtenstein
Litauen
Luxemburg
Malta
Moldau
Monaco
Montenegro
Niederlande
Nordmazedonien
Norwegen
Österreich
Polen
Portugal
Republik Zypern
Rumänien
Russland
San Marino
Schweden
Schweiz
Serbien
Slowakei
Slowenien
Spanien
Tschechien
Türkei
Ukraine
Ungarn
Vatikanstadt
Vereinigtes Königreich
 
Antwortstatistiken
Antwort % Korrekt
Deutschland
91%
Frankreich
87%
Griechenland
79%
Italien
74%
Belgien
68%
Polen
65%
Russland
65%
Spanien
65%
Vereinigtes Königreich
65%
Ukraine
64%
Niederlande
62%
Schweden
61%
Türkei
60%
Österreich
59%
Portugal
58%
Bulgarien
57%
Dänemark
56%
Rumänien
56%
Ungarn
56%
Schweiz
54%
Tschechien
54%
Belarus
45%
Norwegen
44%
Serbien
43%
Finnland
42%
Kasachstan
37%
Irland
34%
Slowakei
23%
Keine übereinstimmenden Quizze gefunden
Verteilung der Resultate
Anzahl Personen mit jedem Resultat
Perzentil nach korrekt beantworteten Fragen
Ihre Resultats-Entwicklung
Sie haben dieses Quiz noch nicht gespielt